000 03685cam a22012134i 4500
003 PE-LiUPU
005 20250813185434.0
008 191024s2017 sp r 000 0 spa d
020 _a841689812X
020 _a9788416898121
035 _a(Sirsi) a252629
040 _aLE-LiUPU
_bspa
_cPE-LiUPU
_erda
049 _aPRUA
082 0 4 _a371.3
_M32
_220
100 1 _aMayor, Iván,
_eautor.
245 1 0 _aGestión del talento en la universidad :
_bde la clase magistral al desarrollo estratégico de las competencias /
_cIván Mayor.
264 1 _aMadrid :
_bDextra,
_c2017.
300 _a253 páginas :
_bilustraciones ;
_c24 centímetros
336 _atext
_2rdacontent
337 _aunmediated
_2rdamedia
338 _avolume
_2rdacarrier
504 _aBibliografía: páginas 243-253.
505 0 _aLos fundamentos de la nueva metodología de aprendizaje -- El nuevo paradigma de educación superior -- El modelo educativo centrado en los resultados de aprendizaje -- El nuevo paradigma de la gestión del talento y el desarrollo del potencial del estudiante -- Aplicación práctica de ña nueva metodología de aprendizaje -- Las categorías de la clase magistral: posibilidades y limites -- Aprender haciendo -- La consolidación de la autoestima para potenciar el talento -- La dinamización de un grupo de aprendizaje universitario para la expresión del talento -- La tutoría estratégica: un método efectivo para el desarrollo del talento del alumno -- El trabajo fin de grado: una oportunidad para la expresión del talento profesional del alumno -- La defensa oral como la expresión máxima del talento del alumno.
526 _aP202
526 _aP201
526 _aP163
526 _aP162
526 _aP161
526 _aP160
526 _aP148
526 _aP147
526 _aP146
526 _aP145
526 _aP144
526 _aP143
526 _aP142
526 _aP141
526 _aP140
526 _aP139
526 _aP138
526 _aP137
526 _aP136
526 _aP135
526 _aP134
526 _aP133
526 _aP129
526 _aP128
526 _aP127
526 _aP120
526 _aP119
526 _aP118
526 _aP116
526 _aP115
526 _aP114
526 _aP110
526 _aP109
526 _aP108
526 _aP104
526 _aP103
526 _aP102
526 _aP99
526 _aP98
526 _aP97
526 _aP96
526 _aP95
526 _aP93
526 _aP90
526 _aP89
526 _aP88
526 _aP83
526 _aP82
526 _aP62
526 _aP59
526 _aP58
526 _aP57
526 _aP51
526 _aP49
526 _aP48
526 _aP47
526 _aP29
526 _aP24
526 _aP20
526 _aP19
526 _aP17
526 _aP15
526 _aP14
526 _aP12
526 _aP10
526 _aP09
526 _aP08
526 _aP07
526 _aP06
526 _aP05
526 _aP04
526 _aP01
541 _gF002-0001663;
650 0 7 _aEducación basada en competencias.
_2embne
650 0 7 _aEnseñanza superior.
_2embne
910 _adbm
_bjpc
_cjpc
_d20191024
942 _2ddc
_cBOOK
994 _aC0
_bPEPRU
596 _a1
999 _a371.3 M32
_wDEWEY
_c31860
_i80728
_f2021-11-8
_g3
_lCCODEBUL1
_mBUL
_p30.00
_r0
_sY
_tBOOK
_u2019-10-24
_xEDUCACION
_zTO-MENCIÓN
_0COMPRA
_1FCOMPR4
_o.STAFF. Colección Ciencias Humanas y Educación
_d31860
980 _81
_gALBERTO SANCHEZ Responsable de Automatización